000
003190000a22001450004500
003
MACL
040
_a
MACL
090
_c
31811
_d
31809
100
_a
Ash, Niema
245
_a
Flight of the Wind Horse
_b
A Journey into Tibet
260
_b
Rider Books
_c
1990
350
_a
715
650
_a
Travel
942
_c
BOOK
_k
910/ASH
999
_c
31491
_d
31491